| 000 | 00443 a2200157 4500 | ||
|---|---|---|---|
| 003 | OSt | ||
| 005 | 20240112101939.0 | ||
| 008 | 240112b |||||||| |||| 00| 0 eng d | ||
| 040 | _coclc | ||
| 082 |
_a281 _bAKB/B |
||
| 100 |
_aAkbar, M M _92026 |
||
| 245 |
_aBibilil pravachikkapetta pravachakan / _cM M Akbar |
||
| 260 |
_aKerala: _bNiche of truth, _c2014. |
||
| 300 | _a77p | ||
| 942 |
_2ddc _cBK _h281 _iAKB/B _k281 _mAKB/B |
||
| 999 |
_c43164 _d43164 |
||